Webster's New Collegiate Dictionary / (Record no. 617290)

000 -LEADER
fixed length control field 00395nam a22001337a 4500
020 ## - INTERNATIONAL STANDARD BOOK NUMBER
Qualifying information HB.
040 ## - CATALOGING SOURCE
Transcribing agency FIZZA ISHAQ
082 ## - DEWEY DECIMAL CLASSIFICATION NUMBER
Classification number 423
Author Mark MER
100 ## - MAIN ENTRY--PERSONAL NAME
Personal name (NO specific)
9 (RLIN) 134316
245 ## - TITLE STATEMENT
Title Webster's New Collegiate Dictionary /
Statement of responsibility, etc. (NO specific)
260 ## - PUBLICATION, DISTRIBUTION, ETC.
Place of publication, distribution, etc. New York;
Name of publisher, distributor, etc. A. Merriam Webster, Springfield,
Date of publication, distribution, etc. 1979.
300 ## - PHYSICAL DESCRIPTION
Extent 32a ; 1532 p. ; index inc,
Dimensions 9.9 x 6.9 x 2 inches ,
942 ## - ADDED ENTRY ELEMENTS (KOHA)
Source of classification or shelving scheme
Koha item type Book
Holdings
Withdrawn status Lost status Source of classification or shelving scheme Damaged status Not for loan Permanent Location Current Location Shelving location Date acquired Total Checkouts Full call number Barcode Date last seen Price effective from Koha item type
          NUST Baluchistan Campus (NBC) NUST Baluchistan Campus (NBC) Dictionaries 05/04/2026   423 MER QD-199 05/04/2026 05/04/2026 Book
© 2023 Central Library, National University of Sciences and Technology. All Rights Reserved.